000 00594nam a2200229Ia 4500
005 20250425161824.0
008 250425s9999 xx 000 0 und d
020 _a0262112515
041 _aeng
082 _a339
100 _aKENNEDY, PETER E.
245 0 _aMACROECONOMICS ESSENTIALS:UNDERSTANDING ECONOMICS IN THE NEWS
250 _a2ND ED.
260 _aLONDON
260 _aReino Unido
_bTHE MIT PRESS
_c2000
300 _a418
650 _aMACROECONOMIA
650 _aPOLITICA ECONOMICA
710 _aMASSACHUSSTTS INSTITUTE OF TECHNOLOGY
942 _c01
010 _a31117
999 _c216818
_d216818